000 00906nam a2200265 i 4500
001 000028388
003 DO-SdBNP
005 20240123090757.0
006 a||||gr|||| 00| 0
007 ta
008 110408e1977 dr ad 000 | spa d
040 _aDO-SdBNP
_bspa
_cBNPHU
_erda
082 4 _bC117c
_222
100 1 _aCabral de Poladura, Atala
_924619
245 1 0 _aCasa de los Rodrigo de Bastidas :
_bapuntes históricos /
_cAtala Cabral de Poladura.
246 1 3 _aCasa de los Rodrigo de Bastidas :
_bcentro de inventario bienes culturales.
264 1 _aSanto Domingo :
_bEditora del Caribe,
_c1977.
300 _a41 páginas :
_bIlustraciones, diagrama ;
_c21 cm.
336 _2rdacontent
_atexto
_btxt
337 _2rdamedia
_asin mediación
_bn
338 _2rdacarrier
_avolumen
_bnc
500 _aVoluntariado del Museo de las Casas Reales.
590 _aInventariado 2024 / MF
942 _2ddc
_cLF2
999 _c27880
_d27880